00658cam a22001934a 4500008004100000020002500041245008400066260004700150300004500197500002000242504004100262650005500303650003300358650002400391700002200415003000100437005001700438040000900455  a9781416061601 (hbk.)00aHigh-yield imaging :binterventional /ceditors, Charles T. Burke ... [et al.]. aPhiladelphia :bSaunders/Elsevier,cc2010. axi, 557 p. :bill. (some col.) ;c29 cm. aIncludes index. aIncludes bibliographical references. 0aInterventional radiologyvHandbooks, manuals, etc.12aRadiography, Interventional.22aDiagnostic Imaging.1 aBurke, Charles T.20230120204237.0 cNUST